00816 2200301 4500001002100000005001500021035002000036007000300056040001700059100002900076245005000105250001000155300004000165020002200205041000800227082000800235084001400243090002000257264003400277336002100311337003000332338002300362650001600385700003900401850001000440008004100450990002300491INLIS00000000000932720260422074545 a0010-1122000286ta aSBPUPADbind0 aNelfi SyafinaePengarang1 aBerpetualang Ke Negeri Sains /cNelfi Syafina aCet.1 a128 hlm. :bilus. ;c11.5 x 17.5 cm a978-979-26-2338-30 bind a813 a813 NEL b a813 NEL b 26-1 aJakarta :bZikrul Kids,c2007 2rdacontentateks 2rdamediaatanpa perantara 2rdacarrieravolume 4aBuku Cerita aPenyunting, Eva YulianaePengarang aPUPAD260422 1  a17859/Br-KAPD/2012